000 00473nam a2200181Ia 4500
001 1486
005 20260306143732.0
008 260306t2007||||xx |||||||||||||| ||spa||
041 _aESP
082 _a150.195
_bM48
100 _aBorch-Jacobsen, Mikkel
_eAUT
245 0 _aEl libro Negro del Psicoanálisis :
_bvivir, pensar y estar mejor sin Freud
260 _c2007
300 _a652 páginas :
_c25 cm.
650 _aGEN
654 _aCPS
942 _cLIB
_dJUS
_fJUS
_2ddc
_n
999 _c1486
_d1486